NBA Defensive Player of the Months - Statistics

General Stats
  • This quiz has been taken 39 times
    28 since last reset
  • The average score is 8 of 10
Answer Stats
Hint 2024-2025 Team % Correct
January, West Amen Thompson Rockets
96%
March, West Draymond Green Warriors
92%
November, West Victor Wembanyama Spurs
88%
November, East Dyson Daniels Hawks
83%
March, East Dyson Daniels Hawks
83%
December, East Evan Mobley Cavs
83%
February, East Evan Mobley Cavs
83%
December, West Jaren Jackson Jr. Grizzlies
83%
January, East Andrew Nembhard Pacers
63%
February, West Toumani Camara Trail Blazers
46%
No matching quizzes found
Score Distribution
Percent of People with Each Score
Percentile by Number Answered
Your Score History
You have not taken this quiz since the last reset